| 000 | 00467nam a22001937a 4500 | ||
|---|---|---|---|
| 003 | NUST - PNEC | ||
| 005 | 20170116180816.0 | ||
| 008 | 150525b xxu||||| |||| 00| 0 eng d | ||
| 020 | _a- | ||
| 040 | _cLIBRARY | ||
| 082 | _a510 YUS | ||
| 100 |
_93679 _aYusuf, S.M. |
||
| 245 |
_aMathematical Methods _cS.M. Yusuf |
||
| 250 | _a2nd ed | ||
| 260 |
_aLahore _bIlmi Kitab Khana _cc2004. |
||
| 300 | _a554 p. : | ||
| 650 |
_93680 _aMathematics _xME |
||
| 942 |
_2ddc _cBK |
||
| 999 |
_c63527 _d63527 |
||